| Tag |
First Indicator |
Second Indicator |
Subfields |
| LEADER |
00000pam a2200000 a 4500 |
| 001 |
in00000092177 |
| 005 |
20150923131941.0 |
| 008 |
820430s1982 dcua b 10100 eng |
| 010 |
|
|
|a 82008731
|
| 020 |
|
|
|a 0841207275
|
| 035 |
|
|
|a (OCoLC)08452443
|
| 035 |
|
|
|9 AAK7256AM
|
| 039 |
0 |
|
|a 2
|b 3
|c 3
|d 3
|e 3
|
| 040 |
|
|
|a DLC
|c DLC
|d TXA
|d UtOrBLW
|
| 049 |
|
|
|a TXAM
|c [388679]
|
| 050 |
0 |
0 |
|a TA418.7
|b .C48 1982
|
| 082 |
0 |
|
|a 660.2/9453
|2 19
|
| 245 |
0 |
0 |
|a Chemically modified surfaces in catalysis and electrocatalysis /
|c Joel S. Miller, editor.
|
| 264 |
|
1 |
|a Washington, D.C. :
|b American Chemical Society,
|c 1982.
|
| 300 |
|
|
|a viii, 301 pages :
|b illustrations ;
|c 24 cm.
|
| 336 |
|
|
|a text
|b txt
|2 rdacontent
|
| 337 |
|
|
|a unmediated
|b n
|2 rdamedia
|
| 338 |
|
|
|a volume
|b nc
|2 rdacarrier
|
| 490 |
1 |
|
|a ACS symposium series,
|x 0097-6156 ;
|v 192
|
| 500 |
|
|
|a "Based on a symposium jointly sponsored by the Divisions of Inorganic, Analytical and Petroleum Chemistry at the 182nd ACS National Meeting, New York, New York, August 23-25, 1981."
|
| 504 |
|
|
|a Includes bibliographical references and index.
|
| 650 |
|
0 |
|a Surfaces (Technology)
|v Congresses.
|
| 650 |
|
0 |
|a Electrodes
|v Congresses.
|
| 650 |
|
0 |
|a Catalysis
|v Congresses.
|
| 700 |
1 |
|
|a Miller, Joel S.
|
| 710 |
2 |
|
|a American Chemical Society.
|b Division of Inorganic Chemistry.
|
| 710 |
2 |
|
|a American Chemical Society.
|b Division of Analytical Chemistry.
|
| 710 |
2 |
|
|a American Chemical Society.
|b Division of Petroleum Chemistry.
|
| 830 |
|
0 |
|a ACS symposium series ;
|v 192.
|
| 999 |
|
|
|a MARS
|
| 999 |
f |
f |
|s 9687912c-fe0b-3aa4-8cf7-8a5459d92e82
|i 08fe0676-0248-35ff-883d-9f8be54bde2b
|t 0
|
| 952 |
f |
f |
|p ric
|a Texas A&M University
|b Rellis Campus
|c Joint Library Facility
|d Remote Storage
|t 0
|e TA418.7 .C48 1982
|h Library of Congress classification
|i unmediated -- volume
|m A14818902506
|
| 998 |
f |
f |
|a TA418.7 .C48 1982
|t 0
|l Remote Storage
|